Sobre el estructuralismo
שמור ב:
| מחבר ראשי: | |
|---|---|
| פורמט: | ספר |
| שפה: | ספרדית |
| יצא לאור: |
Santiago
Universidad Católica de Chile
1983
|
| נושאים: | |
| תגים: |
הוספת תג
אין תגיות, היה/י הראשונ/ה לתייג את הרשומה!
|
MARC
| LEADER | 00000nam a2200000 a 4500 | ||
|---|---|---|---|
| 001 | UCW5232 | ||
| 003 | CL-VaPUC | ||
| 008 | 910123e19830000CL |||||||||||||||||spa|d | ||
| 082 | 0 | 4 | |a 149.96 |b IBA |2 21 |
| 100 | |a Ibáñez Langlois, José Miguel |e author |9 316900 | ||
| 245 | 1 | 0 | |a Sobre el estructuralismo |
| 300 | |a 73 p | ||
| 942 | |c BK | ||
| 945 | |d 19910123 00:00:00 |a rbrito | ||
| 260 | |a Santiago |b Universidad Católica de Chile |c 1983 | ||
| 650 | 0 | |a Estructuralismo |9 265696 | |
| 650 | 0 | |a Filosofía |9 223554 | |
| 583 | |a last modification |c 19910123 00:00:00 |k Rodrigo Vera | ||
| 999 | |c 218715 |d 218713 | ||
| 952 | |0 0 |1 0 |4 0 |6 149_960000000000000_IBA_1983 |7 0 |8 P |9 208708 |a BIBEDU |b BIBEDU |c BIBEDU_PB |d 2019-11-15 |i 2765624 |o 149.96 IBA 1983 |p 2765624 |r 2024-01-25 |w 2019-11-15 |y BK |k EDU | ||
| 952 | |0 0 |1 0 |4 0 |6 149_960000000000000_IBA_1983 |7 0 |8 P |9 208709 |a BIBEDU |b BIBEDU |c BIBEDU_PB |d 2019-11-15 |i 3014223 |o 149.96 IBA 1983 |p 3014223 |r 2024-01-25 |w 2019-11-15 |y BK |k EDU | ||
| 952 | |0 0 |1 0 |4 0 |6 149_960000000000000_IBA_1983 |7 0 |8 P |9 208710 |a BIBEDU |b BIBEDU |c BIBEDU_PB |d 2019-11-15 |i 1566172 |o 149.96 IBA 1983 |p 1566172 |r 2024-01-25 |w 2019-11-15 |y BK |k FIL | ||
| 952 | |0 0 |1 0 |4 0 |6 149_960000000000000_IBA_1983 |7 0 |8 P |9 208711 |a BIBEDU |b BIBEDU |c BIBEDU_PB |d 2019-11-15 |i 1414615 |o 149.96 IBA 1983 |p 1414615 |r 2024-01-25 |w 2019-11-15 |y BK |k LIT | ||
| 952 | |0 0 |1 0 |4 0 |6 149_960000000000000_IBA_1983 |7 0 |8 A |9 208712 |a FDOPOS |b FDOPOS |d 2019-11-15 |i 1467921 |o 149.96 IBA 1983 |p 1467921 |r 2025-01-22 |w 2019-11-15 |y BK |k MLA | ||
| 952 | |0 0 |1 0 |4 0 |6 149_960000000000000_IBA_1983 |7 0 |8 A |9 208713 |a FDOPOS |b BIBEDU |d 2019-11-15 |i 4269012 |l 2 |o 149.96 IBA 1983 |p 4269012 |r 2025-03-27 |s 2025-03-14 |w 2019-11-15 |y BK |k MLA | ||